000 00694cam a2200229 4500500
005 20260329003813.0
041 _afre
042 _adc
100 1 0 _ade Oliveira, Victorine
_eauthor
245 0 0 _aVa-t-on manger de la viande de synthèse ?
260 _c2017.
500 _a49
690 _acarnivore
690 _aDominique Lestel
690 _aFlorence Burgat
690 _aVéganisme
690 _aViande
690 _aViande de synthèse
690 _aVictorine de Oliveira
786 0 _nPhilosophie magazine | 107 | 3 | 2017-03-01 | p. 17-17 | 1951-1787
856 4 1 _uhttps://shs.cairn.info/magazine-philosophie-magazine-2017-3-page-17?lang=fr&redirect-ssocas=7080
999 _c1827828
_d1827828